Can You Guess the Country by the City? - Statistics

General Stats
  • This quiz has been taken 42 times
  • The average score is 16 of 20
Answer Stats
City Country % Correct
Yekaterinburg Russia
98%
Medellin Colombia
95%
Graz Austria
90%
Cork Ireland
90%
Porto Alegre Brazil
88%
Sapporo Japan
88%
Split Croatia
85%
Dnipro Ukraine
85%
Timbukhtu Mali
83%
Baku Azerbaijan
80%
Aleppo Syria
80%
Pune India
78%
Valparaiso Chile
76%
Luanda Angola
73%
Kigali Rwanda
73%
Bandung Indonesia
68%
Bursa Turkey
63%
Nouakchott Mauritania
61%
Oulu Finland
59%
Kaunas Lithuania
54%
No matching quizzes found
Score Distribution
Percent of People with Each Score
Percentile by Number Answered
Your Score History
You have not taken this quiz